00294nam a2200121Ia 4500003000400000005001700004008004100021020001800062040001000080100001800090245004800108260001600156OSt20231226044419.0170523s9999 xx 000 0 und d a9788126523030 cIIMTU aPirsch- Peter 0aArchitectures for Digital Signal Processing aWiley India